<?xml version="1.0" encoding="UTF-8"?><?xml-stylesheet type="text/xsl" href="static/style.xsl"?><OAI-PMH xmlns="http://www.openarchives.org/OAI/2.0/" xmlns:xsi="http://www.w3.org/2001/XMLSchema-instance" xsi:schemaLocation="http://www.openarchives.org/OAI/2.0/ http://www.openarchives.org/OAI/2.0/OAI-PMH.xsd"><responseDate>2026-04-17T03:04:06Z</responseDate><request verb="GetRecord" identifier="oai:www.recercat.cat:20.500.14342/948" metadataPrefix="marc">https://recercat.cat/oai/request</request><GetRecord><record><header><identifier>oai:recercat.cat:20.500.14342/948</identifier><datestamp>2025-12-09T20:16:33Z</datestamp><setSpec>com_2072_482405</setSpec><setSpec>com_2072_183628</setSpec><setSpec>col_2072_482412</setSpec></header><metadata><record xmlns="http://www.loc.gov/MARC21/slim" xmlns:dcterms="http://purl.org/dc/terms/" xmlns:xsi="http://www.w3.org/2001/XMLSchema-instance" xmlns:doc="http://www.lyncode.com/xoai" xsi:schemaLocation="http://www.loc.gov/MARC21/slim http://www.loc.gov/standards/marcxml/schema/MARC21slim.xsd">
   <leader>00925njm 22002777a 4500</leader>
   <datafield ind2=" " ind1=" " tag="042">
      <subfield code="a">dc</subfield>
   </datafield>
   <datafield ind2=" " ind1=" " tag="720">
      <subfield code="a">Morata García, Txus</subfield>
      <subfield code="e">author</subfield>
   </datafield>
   <datafield ind2=" " ind1=" " tag="720">
      <subfield code="a">Palasí Luna, Eva</subfield>
      <subfield code="e">author</subfield>
   </datafield>
   <datafield ind2=" " ind1=" " tag="260">
      <subfield code="c">2012-04-01</subfield>
   </datafield>
   <datafield ind2=" " ind1=" " tag="520">
      <subfield code="a">This article analyzes an assessment investigation about a leisure and social participation (“Implica-Acción”) program for elderly people in Granollers. This program was implemented for 7 years (2001-2008), and its impact was analyzed two years after finishing. This program used the sociocultural animation methodology as a base, its aim was to promote community development, based on participation, co-responsibility and citizenship building. The objective of the assessment is to&#xd;
verify the implementation of that methodology in a specific context, which can promote citizen participation and leisure activities based on cultural democracy, also promoting social initiative in neighborhoods and community territory or spaces.</subfield>
   </datafield>
   <datafield ind2=" " ind1=" " tag="520">
      <subfield code="a">En este artículo se presenta una investigación que evalúa un programa de ocio y participación social (“Implica-Acción”) dirigido a personas mayores de Granollers. Dicho programa se implementó durante 7 años (2001-2008) siendo evaluado su impacto a los dos años siguientes de su finalización. Utiliza como base de su actuación la metodología&#xd;
de la Animación Sociocultural desde la que se promueve un modelo de Desarrollo Comunitario basado en los principios de participación, corresponsabilidad y construcción de ciudadanía. El objetivo ha sido verificar cómo la aplicación de dicha metodología en un contexto determinado puede promover procesos de participación ciudadana y actividades de ocio desde la perspectiva de la democracia cultural, incrementando a su vez la iniciativa social en barrios, territorios y/o espacios comunitarios</subfield>
   </datafield>
   <datafield ind2=" " ind1=" " tag="520">
      <subfield code="a">En aquest article es presenta una investigació que avalua un programa d’oci i participació social (“Implica-Acció”) adreçat a gent gran de Granollers. Aquest programa es va implementar durant 7 anys (2001-2008) sent avaluat el seu impacte als dos anys següents de la seva finalització. Utilitza com a base de la seva actuació la metodologia de l’animació sociocultural des de la qual es promou un model de Desenvolupament Comunitari basat en els principis de participació, corresponsabilitat i&#xd;
construcció de ciutadania. L’objectiu ha estat verificar com l’aplicació d’aquesta metodologia en un context determinat pot promoure processos de participació ciutadana i activitats d’oci des de la perspectiva de la democràcia cultural, incrementant al seu torn la iniciativa social a barris, territoris i/o espais comunitaris.</subfield>
   </datafield>
   <datafield ind1="8" ind2=" " tag="024">
      <subfield code="a">http://hdl.handle.net/20.500.14342/948</subfield>
   </datafield>
   <datafield tag="653" ind2=" " ind1=" ">
      <subfield code="a">Lleure</subfield>
   </datafield>
   <datafield tag="653" ind2=" " ind1=" ">
      <subfield code="a">Vellesa</subfield>
   </datafield>
   <datafield tag="653" ind2=" " ind1=" ">
      <subfield code="a">Participació ciutadana</subfield>
   </datafield>
   <datafield ind2="0" ind1="0" tag="245">
      <subfield code="a">Ocio y participación social de las personas mayores. Evaluación de un programa de Animación Sociocultural y Desarrollo Comunitario en la ciudad de Granollers</subfield>
   </datafield>
</record></metadata></record></GetRecord></OAI-PMH>